All Pro Bowl Quarterbacks - Statistics

General Stats
  • This quiz has been taken 17 times
  • The average score is 73 of 137
Answer Stats
Hint Answer % Correct
Buccaneers Baker Mayfield
100%
Cowboys Dak Prescott
100%
Patriots Drake Maye
100%
Rams,Lions Jared Goff
100%
Bengals Joe Burrow
100%
Buffalo Josh Allen
100%
Chargers Justin Herbert
100%
Ravens Lamar Jackson
100%
Lions,Rams Matthew Stafford
100%
Chargers Philip Rivers
100%
Vikings,Seahawks Sam Darnold
100%
49ers Steve Young
100%
Patriots,Buccaneers Tom Brady
100%
Titans Vince Young
100%
Packers Aaron Rodgers
92%
Saints Archie Manning
92%
49ers Brock Purdy
92%
Dolphins Dan Marino
92%
Giants Eli Manning
92%
49ers,Chiefs Joe Montana
92%
Chiefs Patrick Mahomes
92%
Colts,Broncos Peyton Manning
92%
Seahawks,Steelers Russell Wilson
92%
Chiefs Alex Smith
85%
Steelers Ben Roethlisberger
85%
Texans C.J. Stroud
85%
Chargers,Saints Drew Brees
85%
Seahawks Geno Smith
85%
Eagles Jalen Hurts
85%
Redskins Jayden Daniels
85%
Bills Jim Kelly
85%
Cardinals Kyler Murray
85%
Jaguars Trevor Lawrence
85%
Oilers, Vikings, Seahawks Warren Moon
85%
Colts Andrew Luck
77%
Colts Bert Jones
77%
Packers,Jets,Vikings Brett Favre
77%
Panthers Cam Newton
77%
Raiders Derek Carr
77%
Texans Deshaun Watson
77%
Eagles Donovan McNabb
77%
Buccaneers Jameis Winston
77%
Ravens Joe Flacco
77%
Redskins,Vikings Kirk Cousins
77%
Rams, Cardinals Kurt Warner
77%
Patriots Mac Jones
77%
Falcons Matt Ryan
77%
Falcons,Eagles Michael Vick
77%
Bengals,Jets Boomer Esiason
69%
Bengals,Cardinals Carson Palmer
69%
Patriots, Bills Drew Bledsoe
69%
Redskins Joe Theismann
69%
Broncos John Elway
69%
Jaguars Mark Brunell
69%
Eagles,Vikings Randall Cunningham
69%
Redskins Robert Griffin III
69%
Titans Ryan Tannehill
69%
Steelers Terry Bradshaw
69%
Cowboys Tony Romo
69%
Bengals Andy Dalton
62%
Dolphins Bob Griese
62%
Broncos Brian Griese
62%
Chargers Dan Fouts
62%
Texans Matt Schaub
62%
Bears Mitchell Trubisky
62%
Giants Phil Simms
62%
Bills Tyrod Taylor
62%
Eagles Carson Wentz
54%
Vikings Daunte Culpepper
54%
Browns Derek Anderson
54%
Vikings,Giants Fran Tarkenton
54%
Jets Joe Namath
54%
Bengals Ken Anderson
54%
Seahawks Matt Hasselbeck
54%
Eagles Nick Foles
54%
Raiders Rich Gannon
54%
Cowboys Roger Staubach
54%
Titans Steve McNair
54%
Cowboys Troy Aikman
54%
Ravens,Jets Vinny Testaverde
54%
Redskins, Buccaneers Brad Johnson
46%
Broncos Jay Cutler
46%
Bears Jim McMahon
46%
Panthers, Titans Kerry Collins
46%
Chiefs Len Dawson
46%
Ravens Tyler Huntley
46%
Colts Gardner Minshew
38%
Browns Bernie Kosar
31%
Browns Brian Sipe
31%
Cowboys Danny White
31%
Seahawks Dave Krieg
31%
Chiefs Elvis Grbac
31%
Panthers Jake Delhomme
31%
Broncos Jake Plummer
31%
Raiders Ken Stabler
31%
Steelers Kordell Stewart
31%
Redskins Mark Rypien
31%
Eagles Ron Jaworski
31%
Vikings Teddy Bridgewater
31%
Buccaneers Trent Dilfer
31%
Rams Jeff Hostetler
23%
Rams Jim Everett
23%
Colts Jim Harbaugh
23%
Cardinals Jim Hart
23%
Rams,Eagles Roman Gabriel
23%
Falcons Steve Bartkowski
23%
Vikings Tommy Kramer
23%
Redskins Billy Kilmer
15%
Falcons Chris Chandler
15%
Oilers Dan Pastorini
15%
Raiders Daryle Lamonica
15%
Jaguars David Garrard
15%
Packers Don Majkowski
15%
Lions Greg Landry
15%
49ers, Buccaneers Jeff Garcia
15%
Jets Ken O'Brien
15%
Rams Marc Bulger
15%
Steelers Neil O'Donnell
15%
Panthers Steve Beuerlein
15%
Chiefs Trent Green
15%
Chiefs Bill Kenney
8%
Bills Doug Flutie
8%
Rams James Harris
8%
Redskins Jay Schroeder
8%
Chargers,Rams John Hadl
8%
Chiefs Matt Cassel
8%
Rams Neil Lomax
8%
Falcons Bobby Hebert
0%
Falcons Chris Miller
0%
Redskins Gus Frerotte
0%
Bengals Jeff Blake
0%
Eagles Mike Boryla
0%
Giants Norm Snead
0%
Rams Pat Haden
0%
Chiefs Steve Bono
0%
Dolphins Tua Tagavailoa
0%
Vikings Wade Wilson
0%
No matching quizzes found
Score Distribution
Percent of People with Each Score
Percentile by Number Answered
Your Score History
You have not taken this quiz